000 00990 a2200253 4500
999 _c2719
_d2719
020 _a0761955038
020 _a0761955046 (pbk.)
050 0 0 _aJF1501 GAY 2000
100 1 _aDu Gay, Paul.
245 1 0 _aIn praise of bureaucracy :
_bWeber, organization, ethics /
_cPaul du Gay.
264 _aLondon
_bSAGE
_c2000
300 _ax, 159 p. ;
500 _aBureaucracy
504 _aIncludes bibliographical references (p. [148]-154) and index.
650 0 _aBureaucracy.
650 0 _aOrganizational sociology.
650 0 _aBureaucracy
_xMoral and ethical aspects.
650 4 _aBureaucracy.
650 4 _aOrganizational sociology.
856 4 2 _3Publisher description
_uhttp://www.loc.gov/catdir/enhancements/fy0656/00131348-d.html
856 4 1 _3Table of contents only
_uhttp://www.loc.gov/catdir/enhancements/fy0656/00131348-t.html
942 _2lcc
_cBK
_h1501
_iGAY
_kJF